000 01177nam a22003257a 4500
001 000482
003 DO-SdBPM
005 20250723104141.0
007 ta
008 160906b 2009 ck |||| 00| 0 spa d
020 _a9789587048216
040 _aDO-SdBPM
_bspa
_cBPMSU
_erda
082 4 _a158.1
_bS617v 2009
_222
100 1 _aSinger, Blair
_d1970-
_eautor
240 1 _aLittle voice mastery.
245 1 3 _aLa vocecita :
_bcómo ganar en 30 segundos (o menos) la batalla que se libra entre tus oídos, ¡y tener una vida extraordinaria! /
_cBlair Singer ; prólogo de Marco Antonio Regil.
264 _aBogotá, Colombia :
_bAguilar,
_c2009.
300 _a188 páginas ;
_c23 cm.
_b
336 _atexto
_btxt
_2rdacontent
337 _asin mediación
_bn
_2rdamedia
338 _avolumen
_bnc
_2rdacarrier
500 _aIncluye datos biográficos del autor en la solapa de la cubierta.
590 _aInventariado, 2025/VM
650 7 _aAutorrealización (Psicología)
650 7 _aÉxito
650 7 _aCapacidad creativa en los negocios.
700 1 _aRegil, Marco Antonio,
_eprólogo
910 _aVMateo V. Control de calidad. BPMSU
942 _2ddc
_cBK
999 _c11349
_d11349